It looks like you're offline.
Open Library logo
additional options menu

MARC Record from Scriblio

Record ID marc_records_scriblio_net/part20.dat:158451177:938
Source Scriblio
Download Link /show-records/marc_records_scriblio_net/part20.dat:158451177:938?format=raw

LEADER: 00938cam 2200265 a 4500
001 89039662 //r92
003 DLC
005 19920414091937.0
008 890821s1990 nyua b 001 0 eng
010 $a 89039662 //r92
020 $a0195049160 (alk. paper)
040 $aDLC$cDLC$dDLC
043 $ae------
050 00 $aBV4319$b.M46 1990
082 00 $a261.5/2/0902$220
100 1 $aMenache, Sophia.
245 14 $aThe vox Dei :$bcommunication in the Middle Ages /$cSophia Menache.
260 $aNew York :$bOxford University Press,$c1990.
300 $a353 p. :$bill. ;$c25 cm.
490 1 $aCommunication and society
504 $aIncludes bibliographical references (p. 281-345) and index.
650 0 $aCommunication$xReligious aspects$xChristianity$xHistory of doctrines$yMiddle Ages, 600-1500.
650 0 $aCommunication$zEurope$xHistory.
650 0 $aMiddle Ages$xHistory.
830 0 $aCommunication and society (New York, N.Y.)